| 000 | 00630nam a22002057a 4500 | ||
|---|---|---|---|
| 999 |
_c1371 _d1371 |
||
| 001 | 8344 | ||
| 003 | BD-DhUAP | ||
| 005 | 20200206103814.0 | ||
| 008 | 200206s1999 bg ||||| |||| 001 0 eng d | ||
| 040 |
_aBD-DhUAP _bEng _cBD-DhUAP _dBD-DhUAP |
||
| 082 |
_223 _a345.54920502632 KHA |
||
| 100 | _aKhan, A. A. | ||
| 245 |
_aThe Code of criminal procedure, 1898 : _b(Act No. V of 1898), as modified up-to-date / _cA. A. Khan. |
||
| 250 | _a2nd ed. | ||
| 260 |
_aDhaka : _bKhoshroz Kitab Mahal, _c1999. |
||
| 300 |
_a370 pages ; _c25 cm. |
||
| 500 | _aIncludes index. | ||
| 650 |
_aCriminal procedure -- _zBangladesh. |
||
| 942 |
_2ddc _cBK |
||